Movies Quiz

Random Movies or Quote Quiz
Score 0/55 Timer 15:00
0 Plays Today
% Correct
Cruella De Vil
77%
Scar
76.8%
Ursula
75.7%
Queen of Hearts
73.1%
Lots-o'-Huggin' Bear
70.8%
Gaston
68.9%
Shere Khan
68.4%
The Evil Queen
67.6%
Hopper
67.6%
Randall Boggs
66.3%
Syndrome
66.1%
Stinky Pete
65.7%
Maleficent
64.4%
Judge Claude Frollo
64.4%
Jafar
63.3%
Yzma
63.1%
King Candy
62.5%
Captain Hook
61.2%
Henry J. Waternoose III
61.2%
Prince John
60.8%
Edgar Balthazar
60.6%
Prince Hans
59.4%
John Clayton
59.1%
Governor Ratcliffe
53.7%
Bowler Hat Guy
52%
Madame Mim
51.8%
Shan-Yu
51.6%
Mother Gothel
51.4%
% Correct
Amos Slade
49.3%
AUTO
48.8%
Hades
47.1%
Madame Medusa
45.8%
Sheriff of Nottingham
45.4%
Captain Gantu
42.2%
The Horned King
42%
The Coachman
41.8%
Yokai
41.7%
Chick Hicks
40.1%
Sid Phillips
39.7%
Alameda Slim
38.6%
John Worthington Foulfellow
38%
Miles Axlerod
38%
John Silver
36.7%
Lady Tremaine
36.2%
Percival C. McLeach
35.8%
Charles F. Muntz
35.6%
Bill Sykes
34.1%
Chef Skinner
34.1%
Doctor Facilier
33.3%
Ringmaster
29.9%
Ratigan
29.9%
Mr. Winkie
28.6%
Lyle Tiberius Rourke
28.4%
Brom Bones
28.1%
Kron
22.4%
Remove Ads.
Support Sporcle.
Get the best of Sporcle when you Go Orange. This ad-free experience offers more features, more stats, and more fun while also helping to support Sporcle. Thank you for becoming a member.

You're not logged in!

Compare scores with friends on all Sporcle quizzes.
OR
Log In

Show Comments

Extras

Top Quizzes Today


Score Distribution

Your Account Isn't Verified!

In order to create a playlist on Sporcle, you need to verify the email address you used during registration. Go to your Sporcle Settings to finish the process.

Report this User

Report this user for behavior that violates our Community Guidelines.

Details: